Hasta (casi) 100 bichos /
Arturo Uslar Braun escribió "Hasta cien hombres". Daniel Nesquens, más modesto, se ha conformado con retratar a casi cien bichos. Este bestiario casi centenario (adviertan la rima) trata de resolver, sin conseguirlo, el eterno problema filosófico: ¿Es el hombre un lobo para el hombre? Con...
Guardado en:
| Autor Principal: | |
|---|---|
| Otros Autores: | |
| Formato: | Libro |
| Publicado: |
Buenos Aires :
Anaya,
2012
|
| Materias: | |
| Etiquetas: |
Agregar Etiqueta
Sin Etiquetas, Sea el primero en etiquetar este registro!
|
| LEADER | 01329nam a22002535a 4500 | ||
|---|---|---|---|
| 001 | CEM.cems015469 | ||
| 008 | 130507s2012##################000#0#####d | ||
| 005 | 20240312184338.0 | ||
| 245 | 1 | 0 | |a Hasta (casi) 100 bichos / |c Daniel Nesquens ; ilustrado Por Elisa Arguilé |
| 260 | |a Buenos Aires : |b Anaya, |c 2012 | ||
| 300 | |a 208 p. | ||
| 520 | |a Arturo Uslar Braun escribió "Hasta cien hombres". Daniel Nesquens, más modesto, se ha conformado con retratar a casi cien bichos. Este bestiario casi centenario (adviertan la rima) trata de resolver, sin conseguirlo, el eterno problema filosófico: ¿Es el hombre un lobo para el hombre? Con sus variedades no menos temporales: ¿Es el hombre un lobo para el lobo? ¿Es el lobo un hombre para el lobo? ¿O quizá es que el hombre es un hombre para el hombre? | ||
| 020 | |a 9789870604273 | ||
| 100 | 1 | |a Nesquens, Daniel | |
| 700 | 1 | |a Arguilé, Elisa; il. | |
| 082 | 0 | 4 | |a 863.6 |
| 653 | |a Literatura | ||
| 653 | |a Literatura argentina | ||
| 653 | |a Literatura infantil | ||
| 653 | |a Cuentos infantiles | ||
| 653 | |a Colección ciencias de la educación | ||
| 859 | |a CEMS |b BIB. CEMS - Inicial y Primaria |h 863.6 |i N372 |k IP |p 4046 |t Ej. 1 | ||
| 859 | |a CEMS |b BIB. CEMS - Ccias. Educacion |h 863.6 |i N372 |k CE |p 28841.19 |t Ej.1 | ||
| 859 | |a CEMS |b BIB. CEMS - Inicial y Primaria |h 863.6 |i N372 |k IP |p 5290 |t Ej.2 | ||
